Ekonomika i matematičeskije metody

Uložené v:
Podrobná bibliografia
Médium: Seriál
Vydavateľské údaje: 1987
Tagy: Pridať tag
Žiadne tagy, Buďte prvý, kto otaguje tento záznam!

MARC

LEADER 00000nas a22000003a 4500
001 stu65962
005 20141121235840.0
008 011106s1987----------------------------d
040 |a STU  |b slo 
041 0
245 |a Ekonomika i matematičeskije metody 
260 |c 1987 
500 |a 1-6 
500 |a 6 
500 |a 1987 
773 0 |t Ekonomika i matematičeskije metody  |w stu_us_cat*stu65957  |7 nnas 
996 |c R  |d Tom 23, 1987  |v Tom 23  |y 1987  |l RRUM  |s A  |a 24  |w stu65962_0001